Game of Thrones: Northern Houses Quiz - Statistics

General Stats
  • This quiz has been taken 82 times
  • The average score is 17 of 47
Answer Stats
Family Seat Saying Sigil % Correct
Stark Winterfell Winter is Coming Grey Direwolf on White
98%
Bolton Dreadfort Our Blades Are Sharp Red Flayed Man on Pink
93%
Karstark Karhold The Sun of Winter White Sunburst on Black
85%
Winterfell
81%
Umber Last Hearth Giant with Broken Silver Chains on Red
80%
Grey Direwolf on White
75%
Mormont Mormont Keep Here We Stand Black Bear on Green Wood
75%
Winter is Coming
75%
Manderly New Castle White Merman with Green Tail on Turquoise
66%
Dreadfort
63%
Reed Grey Water Watch Black Lizard-Lion on a Grey-Green
54%
Glover Deepwood Motte Silver Fist on Scarlet
49%
Dustin Barrow Hall 2 Long-axes crossed with a Black Crown between them on Yellow
42%
Karhold
42%
Last Hearth
42%
Flint Widow's Watch Ever Vigilant Blue Eyes on Yellow above Blue Whitecaps
41%
Cerwyn Castle Cerwyn Honed and Ready Black Battle-axe on Silver
39%
Hornwood Hornwood Righteous in Wrath Brown Bullmoose on Orange
39%
Hornwood
39%
Our Blades Are Sharp
37%
Tallhart Torrhen's Square Proud and Free 3 Green Trees on Brown
34%
Greywater Watch
31%
Deepwood Motte
29%
Torrhen's Square
29%
White Merman with Green Tail on Turquoise
27%
Black Battle-axe on Silver
25%
Here We Stand
24%
Brown Bullmoose on Orange
22%
Silver Fist on Scarlet
22%
Widow's Watch
22%
Castle Cerwyn
20%
White Sunburst on Black
20%
New Castle
19%
Black Bear on Green Wood
15%
Black Lizard-Lion on a Grey-Green
15%
The Sun of Winter
15%
Barrow Hall
12%
Mormont Keep
12%
Red Flayed Man on Pink
10%
Blue Eyes on Yellow above Blue Whitecaps
8%
Ever Vigilant
8%
Honed and Ready
8%
Righteous in Wrath
8%
3 Green Trees on Brown
5%
Proud and Free
5%
2 Long-axes crossed with a Black Crown between them on Yellow
3%
Giant with Broken Silver Chains on Red
3%
No matching quizzes found
Score Distribution
Percent of People with Each Score
Percentile by Number Answered
Your Score History
You have not taken this quiz